Grossforaminiferen und Stratigraphie des Paläogenes des Rajec- und Turiec-Kessels (Westkarpaten)

Bibliographic Details
Main Author: Köhler, Eduard (Author)
Format: Book
Language:German
PhysicalDescription:87, [2] s., 16 tab. príl. fotogr., ilustr., mapy 24 cm
Published: Bratislava SAV 1967
Series:Geologica
Subjects:

MARC

LEADER 00000nam a2200000 a 4500
001 vtls008343816
003 SK-MaSNL
005 20260301043443.0
008 180813s1967 xo o f 000 0 ger
015 |a SNBA1967/10-01752 
035 |a SK01SNK19670036033 
035 |a SKM000038496 
040 |a SNK  |b slo  |c SNK  |e AACR2 
041 0 |a ger 
043 |a e-xo--- 
044 |a xo  |c SK 
072 7 |a 551  |x Geológia. Meteorológia. Klimatológia  |2 konspekt 
080 |a 551.781  |2 2011 
080 |a 551.7  |2 2011 
100 1 |a Köhler, Eduard  |4 aut  |9 348302 
245 1 0 |a Grossforaminiferen und Stratigraphie des Paläogenes des Rajec- und Turiec-Kessels  |b (Westkarpaten)  |c Eduard Köhler 
260 |a Bratislava  |b SAV  |c 1967 
300 |a 87, [2] s., 16 tab. príl.  |b fotogr., ilustr., mapy  |c 24 cm 
366 |e 450 výt. 
490 1 |a Geologica  |v 5 
500 |a Brožovaná 
504 |a Bibliogr.: s. 84-87 
650 0 7 |a paleogén  |2 SNKPH  |9 67823 
650 0 7 |a stratigrafia  |2 SNKPHeng  |9 18903 
650 0 7 |a Palaeogene  |2 SNKPHeng  |9 348303 
650 0 7 |a Stratigraphy  |2 SNKPHeng  |9 339213 
651 7 |a Rajec (Slovensko)  |2 SNKPHgeo  |9 69415 
651 7 |a Turiec (Slovensko : región)  |2 SNKPHgeo  |9 238871 
651 7 |a Rajec (Slovakia)  |2 SNKPHeng  |9 348304 
651 7 |a Turiec (Slovakia : region)  |2 SNKPHeng  |9 174440 
655 7 |a príručky  |2 SNKPH  |9 74364 
655 7 |a Handbooks, manuals, etc.  |2 SNKPHeng  |9 90964 
830 0 |a Geologica  |9 348305 
852 |a Štátna vedecká knižnica v Banskej Bystrici 
958 |a OND 
958 |a TL 
958 |a NB 
958 |a DE 
958 |a RK 
999 |c 593630  |d 595560 
952 |a SNK  |b SNK  |y VYP  |7 0  |p 17A0677932  |o snkSC 23288 D1  |i snkKSP 6734/67  |0 0  |1 0  |4 0  |d 2010-11-25  |l 0  |r 2026-02-23 15:31:41  |w 2026-02-23 
952 |a SNK  |b SNK  |y PREZ  |7 0  |p 17A0921827  |o snkSC 23288   |0 0  |1 0  |4 0  |d 2012-08-27  |l 0  |r 2025-08-20 00:00:00  |w 2026-02-23